000 00372nam a22001457a 4500
999 _c197534
_d197534
008 230824b ||||| |||| 00| 0 eng d
082 _a808.883-BHA
100 _aBharucha, Ruzbeh N.
245 _aThe Fakir
_hEnglish
260 _aDelhi
_bA.I.C.B.
_cRohini
270 _aA.I.C.B. Rohini, Delhi
300 _a12x13
490 _v1-3
942 _2ddc
_cBRLEN
_k808.883
_mBHA